Methods of strengthening existing highway bridges /

Bibliographic Details
Corporate Author: National Research Council (U.S.). Transportation Research Board
Other Authors: Klaiber, F. W.
Format: Book
Language:English
Published: Washington, D.C. : Transportation Research Board, National Research Council, [1987]
Series:Report (National Cooperative Highway Research Program) ; 293.
Subjects:

MARC

Tag First Indicator Second Indicator Subfields
LEADER 00000cam a2200000 a 4500
001 in00000011000
005 20151007051951.0
008 880108s1987 dcua b 00000 eng d
010 |a  87051165  
020 |a 0309044162 (pbk.) :  |c $12.00 
035 |a (OCoLC)17320456 
035 |9 AAA5669AM 
040 |a CRD  |c CRD  |d TXA  |d UtOrBLW 
049 |a TXAM  |c [A12583354] 
050 4 |a TE7  |b .N25 no. 293 
245 0 0 |a Methods of strengthening existing highway bridges /  |c F.W. Klaiber [and others]. 
264 1 |a Washington, D.C. :  |b Transportation Research Board, National Research Council,  |c [1987] 
300 |a 114 pages :  |b illustrations ;  |c 28 cm. 
336 |a text  |b txt  |2 rdacontent 
337 |a unmediated  |b n  |2 rdamedia 
338 |a volume  |b nc  |2 rdacarrier 
490 1 |a National Cooperative Highway Research Program report,  |x 0077-5614 ;  |v 293 
500 |a "Research sponsored by the American Association of State Highway and Transportation Officials in cooperation with the Federal Highway Administration." 
500 |a "September 1987." 
504 |a Bibliography: pages 101-114. 
650 0 |a Bridges  |x Maintenance and repair. 
700 1 |a Klaiber, F. W. 
710 2 |a National Research Council (U.S.).  |b Transportation Research Board. 
830 0 |a Report (National Cooperative Highway Research Program) ;  |v 293. 
999 |a MARS 
999 f f |s 1f1bb1b5-e430-3da1-a35a-a378815266f8  |i bc6dafc1-adfd-3466-ac28-edfe0e02c3ac  |t 0 
952 f f |p default  |a Texas A&M University  |b College Station  |c Sterling C. Evans Library  |d Evans: Microforms (3rd floor)  |t 0  |e fiche S 746 no.293  |h Other scheme  |i unmediated -- volume 
952 f f |p ric  |a Texas A&M University  |b Rellis Campus  |c Joint Library Facility  |d Remote Storage  |t 0  |e TE7 .N25 no.293  |h Library of Congress classification  |i unmediated -- volume  |m A14824002843 
998 f f |a fiche S 746 no.293  |t 0  |l Evans: Microforms (3rd floor) 
998 f f |a TE7 .N25 no.293  |t 0  |l Remote Storage